| 000 | 00981nam1a22002651i 4500 | ||
|---|---|---|---|
| 001 | rc\2255799 | ||
| 005 | 20240726041301.0 | ||
| 035 | _a(NLR Aleph) 006713982 | ||
| 090 |
_a5372685 _c5372685 |
||
| 100 | _a20110829g1978 |||y0rusy50 ca | ||
| 101 | 0 | _arus | |
| 102 | _aRU | ||
| 105 | _a z ||||| | ||
| 200 | 1 |
_aАвтоматизация типовых технологических процессов и установок _e(Учеб. пособие) |
|
| 210 |
_aОрджоникидзе _cСОГУ _d1978- |
||
| 215 | _d21 | ||
| 300 | _aВ надзаг.: Сев.-Осет. гос. ун-т им. К.Л. Хетагурова | ||
| 606 |
_aЭлектроприводы _xАвтоматическое регулирование _2psbo |
||
| 700 | 1 |
_aКибизов _bК.В. _gКазбек Васильевич |
|
| 801 | 0 |
_aRU _bNLR _gpsbo |
|
| 801 | 1 |
_aRU _bELAR _2rusmarc |
|
| 852 |
_aNLR _j79-6/3040 |
||
| 899 |
_aRuMoRGB _jB 79-9/110 |
||
| 899 |
_aRuMoRGB _jB 79-9/112 |
||
| 942 | _cBOOK | ||